| 000 | 00755nam a2200229Ia 4500 | ||
|---|---|---|---|
| 003 | GCL | ||
| 008 | 140319s9999 xx 000 0 ara d | ||
| 040 |
_aGCL / _cGCL |
||
| 082 | 0 | 4 |
_a401.1 _bم ت |
| 100 | 1 | _aمحمد حماد | |
| 245 | 1 | 0 |
_aتعلم الهيروغليفية لغة مصر القديم واصل الخطوط العالمية / _cمحمد حماد |
| 260 |
_a[S.N] : _bالهيئة المصرية العامة للكتاب ، _c1991 |
||
| 300 | _a99 | ||
| 490 | _a | ||
| 650 | 0 | 4 | _aطرق التدريس |
| 650 | 0 | 4 | _aاللغات |
| 650 | 0 | 4 | _aاساسيات التعليم |
| 650 | 0 | 4 | _aالكتابة الهيروغليفية |
| 650 | 0 | 4 | _aحجر رشيد |
| 650 | 0 | 4 | _aالكتابة المسمارية |
| 942 |
_2ddc _cBK |
||
| 999 |
_c30030 _d30030 |
||